| 000 | 00868nac a22001691u 4500 | ||
|---|---|---|---|
| 008 | 090114s2006 xxu||||| |||| 00| 0 ara d | ||
| 020 | _a9771804294 | ||
| 082 |
_a327.0962073 _bا ح م |
||
| 245 |
_aعبد الناصر والسياسة الخارجية الأمريكية (1952-1956) / _cتأليف محمد عبد الوهاب سيد أحمد |
||
| 260 |
_aالقاهرة : _bمطبعة دار الكتب والوثلئق القومية ، 2006 _c2006. |
||
| 300 |
_a294 ص ؛ _c24 سم. |
||
| 490 |
_914899 _aمصر النهضة |
||
| 504 | _aيشتمل على ببليوجرافية ص229-287 | ||
| 651 |
_921757 _aمصر _xالعلاقات الخارجية _y1952-1956 _zالولايات المتحدة الأمريكية |
||
| 651 |
_915844 _aمصر _xتاريخ _yالعصرالحديث _yجمال عبد الناصر 1954-1970 |
||
| 942 |
_cBB _k327.0962073 ا ح م _2ddc |
||
| 999 |
_c8185 _d8185 |
||